000 00337nam a22001337a 4500
008 170824b xxu||||| |||| 00| 0 eng d
020 _a0120595613
041 _aeng
080 _a51
100 _a38
101 _aMAT
245 _aMATHEMATICS WITH APPLICATIONS FOR MANAGEMENT LIFE SOCIAL SCIENCES
_cANTON.H
942 _2udc
_cBK
999 _c24873
_d24873